000 00666nam a2200205Ii 4500
003 JO-AjNU
008 230605s9999||||xx |||||||||||||| ||und||
017 _a2010/8/3114
040 _aJO-AjNU
_bara
_erda
_cJO-AjNU
041 _aara
050 1 4 _aCE73.U437.2010
100 3 _aالعمري، محمد مصطفى,
_eauthor
_932851
245 0 0 _aالتقاويم في التاريخ
264 3 1 _aعمان: امانة عمان الكبرى، 2010
300 _a68ص
336 _atext
_btxt
_2rdacontent
337 _aunmediated
_bn
_2rdamedia
338 _avolume
_bnc
_2rdacarrier
650 4 _aالتقاويم،التاريخ،العالم -تاريخ.
_932852
999 _aA13309
_c16877
_d16877